Zdaňovanie príjmov právnických osôb v SR z pohľadu uplatňovania daňovej optimalizácie diplomová práca

Uložené v:
Podrobná bibliografia
Hlavný autor: Labišáková, Júlia
Korporativný autor: Podnikovohospodárska fakulta EU so sídlom v Košiciach. Katedra finančného riadenia podniku
Ďalší autori: Simonidesová, Jana, 1968-
Médium: Kniha
Jazyk:Slovak
Vydavateľské údaje: Košice 2018
Tagy: Pridať tag
Žiadne tagy, Buďte prvý, kto otaguje tento záznam!

MARC

LEADER 00000nbm a2200000 4500
001 0244071
005 20181019145934.5
041 0 |a slo 
044 |a SK 
245 1 0 |a Zdaňovanie príjmov právnických osôb v SR z pohľadu uplatňovania daňovej optimalizácie  |b diplomová práca  |c Júlia Labišáková ; školiteľ: Jana Simonidesová 
264 1 |a Košice  |c 2018 
300 |a 78 s. 
100 1 |a Labišáková, Júlia 
700 1 |a Simonidesová, Jana, 1968- 
710 2 |a Podnikovohospodárska fakulta EU so sídlom v Košiciach. Katedra finančného riadenia podniku